[Event "36th Olympiad w"]
[Site "Calvia ESP"]
[Date "2004.10.26"]
[Round "11"]
[White "Muhren,B"]
[Black "Krivec,J"]
[Result "0-1"]
[WhiteElo "2343"]
[BlackElo "2214"]
[EventDate "2004.10.15"]

1. e4 e5 2. Nf3 Nc6 3. d4 exd4 4. Nxd4 Bc5 5. Nb3 Bb4+ 6. c3 Be7 7. Bd3 Nf6
8. O-O O-O 9. Bf4 d6 10. N1d2 a5 11. Bc2 Nd7 12. Nd4 Bf6 13. Be3 Nde5 14.
h3 Ng6 15. f4 Nge7 16. N2f3 Bxd4 17. Nxd4 f5 18. g4 fxe4 19. Bxe4 Nxd4 20.
Qxd4 Kh8 21. Rae1 Nc6 22. Qd3 Qh4 23. Bf2 Qh6 24. Kg2 Bd7 25. Bg3 Rae8 26.
Qc2 Nd8 27. Bd5 c6 28. Bc4 b5 29. Bd3 c5 30. f5 Nf7 31. Bf4 Ng5 32. Bxg5
Qxg5 33. Kh2 Rxe1 34. Rxe1 Qf4+ 35. Kg2 Bc6+ 36. Be4 Re8 37. Bxc6 Rxe1 38.
Bxb5 c4 39. Qf2 Qe4+ 40. Kg3 Re3+ 41. Kh4 Qe7+ 42. f6 gxf6 43. Qf5 d5 44.
Bc6 Re5 45. Qd7 Qxd7 46. Bxd7 Re2 47. Bc6 Rxb2 48. Bxd5 Rxa2 0-1

[Event "36th Olympiad w"]
[Site "Calvia ESP"]
[Date "2004.10.26"]
[Round "11"]
[White "Borsuk,A"]
[Black "Cramling,P"]
[Result "0-1"]
[WhiteElo "2306"]
[BlackElo "2477"]
[EventDate "2004.10.15"]

1. d4 d5 2. Nf3 Nf6 3. Bf4 c5 4. e3 Nc6 5. c3 Qb6 6. Qb3 c4 7. Qxb6 axb6 8.
Na3 Bf5 9. Bc7 e6 10. Nb5 Ra6 11. Nd6+ Bxd6 12. Bxd6 Ne4 13. Bf4 b5 14. Nd2
Nxd2 15. Kxd2 b4 16. cxb4 Nxb4 17. a3 Nc6 18. Be2 Kd7 19. f3 Rb6 20. Ra2
Ra8 21. g4 Bg6 22. h4 Nb4 23. Raa1 Nc6 24. Ra2 f6 25. h5 Bf7 26. Bg3 e5 27.
Bf2 Rd8 28. Bg3 exd4 29. exd4 g6 30. Bf2 gxh5 31. gxh5 Rg8 32. Rg1 Rxg1 33.
Bxg1 Be6 34. Bf2 Bf5 35. Be3 Ke6 36. Bf2 Bb1 37. Ra1 Rxb2+ 38. Ke1 Na5 39.
Bg3 f5 40. Bd1 c3 41. Be2 c2 0-1

[Event "36th Olympiad w"]
[Site "Calvia ESP"]
[Date "2004.10.26"]
[Round "11"]
[White "Vasiliev,Olg"]
[Black "Andersson,C"]
[Result "1-0"]
[WhiteElo "2167"]
[BlackElo "2168"]
[EventDate "2004.10.15"]

1. e4 e6 2. d4 d5 3. e5 c5 4. c3 Nc6 5. Nf3 Bd7 6. Be2 cxd4 7. cxd4 Nge7 8.
Na3 Nf5 9. Nc2 Be7 10. O-O O-O 11. a3 Rc8 12. b4 a6 13. Ne3 f6 14. Nxf5
exf5 15. Re1 g5 16. Qb3 Be8 17. Bb2 Kh8 18. Bd3 Bg6 19. Rad1 Qd7 20. exf6
Bxf6 21. Ne5 Qd6 22. Bb1 Rce8 23. Qg3 Kg7 24. f4 g4 25. h3 Qd8 26. Qe3 gxh3
27. Qxh3 Qb6 28. Kh1 Bxe5 29. dxe5 Qf2 30. Bc1 Re6 31. Be3 Qb2 32. Bc5 Rd8
33. Kg1 Rg8 34. Rxd5 Kh8 35. Red1 Qe2 36. R5d2 Qc4 37. Ba2 Qxf4 38. Bxe6
Rb8 39. Qf3 Qg5 40. Qc3 Bh5 41. Rf1 f4 42. Bd5 Nd8 43. e6+ Kg8 44. Bd6 Ra8
45. Rxf4 a5 46. Rf8+ 1-0

[Event "36th Olympiad w"]
[Site "Calvia ESP"]
[Date "2004.10.26"]
[Round "11"]
[White "Pina,S"]
[Black "Berezina,I"]
[Result "1/2-1/2"]
[WhiteElo "2313"]
[BlackElo "2281"]
[EventDate "2004.10.15"]

1. e4 c5 2. c3 d6 3. d4 Nf6 4. Bd3 g6 5. dxc5 dxc5 6. e5 Nd5 7. Be4 e6 8.
c4 Nb4 9. Qxd8+ Kxd8 10. Nc3 a6 11. Bg5+ Kc7 12. O-O-O Nd7 13. f4 h6 14.
Bh4 Nc6 15. Nf3 Ne7 16. g4 Nb6 17. b3 Bd7 18. a4 Nc6 19. Rd2 Bg7 20. Rhd1
Rae8 21. Bc2 Na5 22. Rd3 Bc6 23. Bf2 Nd7 24. h4 b6 25. g5 Nb8 26. Nd2 hxg5
27. hxg5 Rh2 28. Nde4 Nb7 29. Bg3 Rh3 30. Nf2 Rh7 31. Nce4 Reh8 32. Nf6
Bxf6 33. exf6 Kc8 34. Ng4 Be4 35. R3d2 Bxc2 36. Kxc2 Nc6 37. Bf2 Rh3 38.
Nh6 Nb4+ 39. Kb2 Rf8 40. Ng4 Na5 41. Be3 Nac6 1/2-1/2

[Event "36th Olympiad w"]
[Site "Calvia ESP"]
[Date "2004.10.26"]
[Round "11"]
[White "Caoili,A"]
[Black "Marrero,Y"]
[Result "0-1"]
[WhiteElo "2250"]
[BlackElo "2272"]
[EventDate "2004.10.15"]

1. e4 c5 2. Nc3 d6 3. f4 Nc6 4. Nf3 e6 5. g3 g6 6. Bg2 Bg7 7. O-O Nge7 8.
d3 O-O 9. Be3 Nd4 10. Qd2 Nec6 11. Ne1 Qa5 12. Qf2 Bd7 13. Nd1 b5 14. Bd2
Qa6 15. Ne3 Rab8 16. Bh3 f5 17. N1g2 b4 18. Rac1 fxe4 19. Kh1 exd3 20. cxd3
Qxd3 21. Ne1 Qe2 22. Nc4 Qxf2 23. Rxf2 Nb5 24. Nd3 Ncd4 25. Re1 Bc6+ 26.
Bg2 Bxg2+ 27. Kxg2 Rf7 28. Rff1 Re7 29. Re3 Rd7 30. Ree1 Nc7 31. Na5 Nd5
32. Nc4 Rb5 33. g4 Nb6 34. Ne3 a5 35. h4 c4 36. Nf2 d5 37. h5 Na4 38. Bc1
b3 39. axb3 Nxb3 40. hxg6 hxg6 0-1

[Event "36th Olympiad w"]
[Site "Calvia ESP"]
[Date "2004.10.26"]
[Round "11"]
[White "Ramon,V"]
[Black "Sorokina,A"]
[Result "1/2-1/2"]
[WhiteElo "2251"]
[BlackElo "2199"]
[EventDate "2004.10.15"]

1. d4 Nf6 2. Nf3 d5 3. e3 e6 4. Bd3 c5 5. b3 Be7 6. Bb2 Nbd7 7. Nbd2 b6 8.
Ne5 Qc7 9. O-O cxd4 10. exd4 O-O 11. Rc1 Nxe5 12. dxe5 Nd7 13. c4 Qd8 14.
cxd5 Nc5 15. Bb1 exd5 16. f4 f5 17. Nf3 Ba6 18. Re1 Ne4 19. Nd4 Bc5 20. g3
Qe8 21. Kg2 Bb4 22. Nxf5 Qf7 23. Nd4 Bxe1 24. Qxe1 Bb7 25. Qe2 Rfc8 26. Rf1
Re8 27. Qd3 a5 28. Rd1 Rxe5 29. fxe5 Qf2+ 30. Kh1 Qxb2 31. Rf1 Ba6 32. Nb5
Qxe5 33. Qf3 Nf6 34. a4 Re8 35. Qd1 d4 36. Bd3 Bb7+ 37. Kg1 Qe3+ 38. Rf2
Ne4 39. Bc4+ Kh8 40. Qxd4 Qxd4 41. Nxd4 Nxf2 42. Kxf2 Rf8+ 43. Ke2 Bg2 44.
Ke3 g6 45. Ne6 Re8 46. Kd4 Bf1 47. Bd5 Bg2 48. Bc4 Bf1 49. Bd5 Bg2 50. Bc4
1/2-1/2

[Event "36th Olympiad w"]
[Site "Calvia ESP"]
[Date "2004.10.26"]
[Round "11"]
[White "Petrenko,S"]
[Black "Foisor,C"]
[Result "1/2-1/2"]
[WhiteElo "2323"]
[BlackElo "2436"]
[EventDate "2004.10.15"]

1. e4 c6 2. d4 g6 3. Bc4 d5 4. exd5 cxd5 5. Bb5+ Bd7 6. Qe2 Bxb5 7. Qxb5+
Qd7 8. Nc3 Qxb5 9. Nxb5 Kd7 10. Bf4 Nc6 11. Nf3 f6 12. O-O-O Bh6 13. Be3
Rc8 14. Rde1 Bxe3+ 15. Rxe3 Nh6 16. Ra3 Ra8 17. Kb1 Nf7 18. c4 dxc4 19. d5
Nce5 20. Nxe5+ fxe5 21. Re3 a6 22. Nc3 b5 23. Rhe1 g5 24. Rf3 Ke8 25. Ne4
Rg8 26. Nc5 Rg6 27. Ne6 Rc8 28. Ra3 g4 29. Rxa6 Rf6 30. Re2 Nd6 31. Rxe5
Rxf2 32. Nd4 Kf7 33. Ra7 Re8 34. Re2 Rxe2 35. Nxe2 Kf6 36. Nd4 Ke5 37. Ne6
Nf5 38. Rb7 Kxd5 39. Nc7+ Kc6 40. Rxb5 Rf8 41. Ne6 Kxb5 42. Nxf8 1/2-1/2

[Event "36th Olympiad w"]
[Site "Calvia ESP"]
[Date "2004.10.26"]
[Round "11"]
[White "Partac,E"]
[Black "Olarasu,G"]
[Result "1-0"]
[WhiteElo "2259"]
[BlackElo "2325"]
[EventDate "2004.10.15"]

1. e4 e5 2. Nf3 Nc6 3. Bb5 Nf6 4. O-O d6 5. d4 Bd7 6. Nc3 exd4 7. Nxd4 Nxd4
8. Bxd7+ Qxd7 9. Qxd4 Be7 10. h3 O-O 11. Bf4 Rfe8 12. Rad1 Qc6 13. Rfe1 Bf8
14. Bg5 Nd7 15. Nd5 Nb6 16. c3 Re6 17. Re3 Nc4 18. Rg3 Rg6 19. b3 Nb6 20.
Nf4 Re8 21. Nxg6 Rxe4 22. Ne7+ Bxe7 23. Qd2 Bf8 24. Bh6 f6 25. c4 Kf7 26.
Be3 Re5 27. Bd4 Re6 28. Re1 Rxe1+ 29. Qxe1 d5 30. c5 Nd7 31. b4 Qa4 32. Qb1
a5 33. a3 axb4 34. axb4 g6 35. Rf3 Be7 36. g4 Qb5 37. Qb2 b6 38. cxb6 cxb6
39. Bc3 h6 40. Qd2 Bf8 41. Rd3 Ke6 42. Re3+ Kd6 43. Re8 Be7 44. Qf4+ Ne5
45. Bxe5+ fxe5 46. Qf7 Qd7 47. Qxg6+ Kc7 48. Rh8 Bxb4 49. Rxh6 Bc5 50. Rh7
Be7 51. Qf7 Kd8 52. g5 d4 53. Qc4 Qd6 54. Rh8+ Bf8 55. Qf7 d3 56. Rxf8+ 1-0

[Event "36th Olympiad w"]
[Site "Calvia ESP"]
[Date "2004.10.26"]
[Round "11"]
[White "Ptacnikova,L"]
[Black "Paridar,S"]
[Result "1/2-1/2"]
[WhiteElo "2257"]
[BlackElo "2242"]
[EventDate "2004.10.15"]

1. e4 c5 2. g3 Nc6 3. Bg2 e6 4. Nc3 g6 5. d3 Bg7 6. Be3 d6 7. Qd2 Nd4 8.
Nd1 Ne7 9. c3 Ndc6 10. Ne2 O-O 11. d4 cxd4 12. Nxd4 Nxd4 13. Bxd4 e5 14.
Be3 Be6 15. O-O Qc7 16. Bh6 Bxh6 17. Qxh6 d5 18. exd5 Nxd5 19. Ne3 1/2-1/2

[Event "36th Olympiad w"]
[Site "Calvia ESP"]
[Date "2004.10.26"]
[Round "11"]
[White "Pourkashiyan,A"]
[Black "Thorsteinsdottir,G"]
[Result "1-0"]
[WhiteElo "2217"]
[BlackElo "2130"]
[EventDate "2004.10.15"]

1. e4 c5 2. Nf3 e6 3. d4 cxd4 4. Nxd4 a6 5. Nc3 Qc7 6. Be2 b5 7. a3 Bb7 8.
O-O Nf6 9. Bd3 Nc6 10. Be3 Be7 11. Kh1 O-O 12. f4 d6 13. Qe1 Nxd4 14. Bxd4
e5 15. Be3 Rfd8 16. Qg3 Nh5 17. Qf2 Rf8 18. f5 Nf6 19. Qg3 Kh8 20. Bg5 Rad8
21. Qh4 Ng8 22. f6 gxf6 23. Be3 f5 24. Qf2 f4 25. Bb6 Qd7 26. Bxd8 Bxd8 27.
Be2 Nh6 28. Rad1 Be7 29. Nd5 Bxd5 30. Rxd5 f5 31. exf5 Nxf5 32. Bg4 Qc6 33.
Bf3 Qc7 34. Rd3 Bh4 35. Qd2 Ne3 36. Rc1 Rd8 37. b3 Qe7 38. Be4 Ng4 39. Rf3
d5 40. Bxd5 Qc5 41. c4 Nf2+ 42. Rxf2 Bxf2 43. Rf1 Be3 44. Qa5 Rd6 45. Rd1
bxc4 46. Qxc5 Bxc5 47. bxc4 Bxa3 48. Rb1 Rd7 49. Ra1 Bc5 50. Ra5 Bd4 51. g3
fxg3 52. hxg3 Rd6 53. Kg2 Bc3 54. Rc5 a5 55. Rc8+ Kg7 56. Rc7+ Kg6 57. Be4+
Kg5 58. Rxh7 Bd4 59. Rg7+ Kh6 60. Rg8 Rb6 61. Ra8 Rb2+ 62. Kh3 Rb4 63. Bd5
Ra4 64. Kg4 Ra3 65. Kf5 Ra1 66. Rh8+ Kg7 67. Rg8+ Kh7 68. Rg4 a4 69. Bg8+
Kh8 70. c5 Rf1+ 71. Ke6 Rf8 72. Bf7 a3 73. Kf6 e4+ 74. Kg6 Rg8+ 75. Bxg8 a2
1-0

[Event "36th Olympiad w"]
[Site "Calvia ESP"]
[Date "2004.10.26"]
[Round "11"]
[White "Gretarsdottir,L"]
[Black "Navabi,S"]
[Result "0-1"]
[WhiteElo "2057"]
[BlackElo "2107"]
[EventDate "2004.10.15"]

1. e4 e5 2. Nf3 Nf6 3. d4 Nxe4 4. Bd3 Nc6 5. Bxe4 d5 6. Nxe5 dxe4 7. Nxc6
bxc6 8. O-O f5 9. c4 Bd6 10. Nc3 O-O 11. Qh5 g6 12. Qh6 Rf7 13. Bg5 Bf8 14.
Qh4 Qxd4 15. Rfd1 Qxc4 16. Rd8 Rd7 17. Bh6 Rxd8 18. Qxd8 Bb7 19. Qxc7 Qf7
20. Qxf7+ Kxf7 21. Bxf8 Rxf8 22. Rd1 Ke7 23. Na4 Rd8 24. Rxd8 Kxd8 25. Nc5
Bc8 26. Kf1 Kc7 27. Ke2 Kb6 28. Nb3 Be6 29. Nc1 f4 30. h4 Kc5 31. Kd2 Bc4
32. Kc3 Bf1 33. f3 e3 34. b4+ Kd5 35. a4 Ke5 36. Nb3 Bxg2 37. Nd4 e2 38.
Nxe2 Bxf3 39. Nd4 Bd5 40. b5 cxb5 41. axb5 f3 42. Nc2 Kf4 43. Kd4 Bb7 44.
Kc5 f2 0-1

[Event "36th Olympiad w"]
[Site "Calvia ESP"]
[Date "2004.10.26"]
[Round "11"]
[White "Ortiz,Na"]
[Black "Hagesaether,E"]
[Result "1-0"]
[WhiteElo "2148"]
[BlackElo "2188"]
[EventDate "2004.10.15"]

1. e4 d6 2. d4 Nf6 3. Nc3 g6 4. g3 Bg7 5. Bg2 O-O 6. Nge2 e5 7. h3 c6 8. a4
Na6 9. O-O exd4 10. Nxd4 Re8 11. a5 Nb4 12. Kh2 d5 13. exd5 Nfxd5 14. Nxd5
Nxd5 15. a6 Qb6 16. c3 Rd8 17. Bg5 f6 18. Bd2 bxa6 19. Qa4 Bd7 20. b4 Nc7
21. Nxc6 Bxc6 22. Bxc6 Rxd2 23. Bxa8 Rxf2+ 24. Rxf2 Qxf2+ 25. Bg2 f5 26.
Qb3+ Kf8 27. Rf1 Qd2 28. Rf3 Nb5 29. Qc4 Be5 30. Rd3 Qf2 31. Qe6 Qe2 32.
Rd8+ Kg7 33. Qe7+ Kh6 34. Re8 1-0

[Event "36th Olympiad w"]
[Site "Calvia ESP"]
[Date "2004.10.26"]
[Round "11"]
[White "Bjerke,S"]
[Black "Franco,A"]
[Result "1-0"]
[WhiteElo "2142"]
[BlackElo "2046"]
[EventDate "2004.10.15"]

1. d4 f5 2. g3 Nf6 3. Bg2 e6 4. Nf3 Be7 5. O-O O-O 6. b3 Nc6 7. c4 d5 8.
Ba3 Ne4 9. Bxe7 Qxe7 10. e3 Bd7 11. a3 Be8 12. Qc2 Bh5 13. Nc3 Rad8 14. b4
Qf6 15. b5 Bxf3 16. Bxf3 Ne7 17. Ne2 c6 18. bxc6 bxc6 19. Rab1 Rb8 20. Nf4
g5 21. Nd3 Ng6 22. Bxe4 fxe4 23. Nc5 Qe7 24. Qa4 Rb6 25. Rb4 Qf7 26. Nb3
Kh8 27. Rxb6 axb6 28. Qxc6 Nh4 29. Nd2 Nf3+ 30. Nxf3 exf3 31. cxd5 exd5 32.
Qxb6 Qf5 33. Qd6 Re8 34. h3 Re6 35. Qd8+ Kg7 36. g4 Qg6 37. Qxd5 Rf6 38.
Rc1 Qe8 39. Qxg5+ Rg6 40. Qe5+ 1-0

[Event "36th Olympiad w"]
[Site "Calvia ESP"]
[Date "2004.10.26"]
[Round "11"]
[White "Chirivi,Y"]
[Black "Berntsen,S"]
[Result "0-1"]
[WhiteElo "2070"]
[BlackElo "2118"]
[EventDate "2004.10.15"]

1. d4 d5 2. c4 c6 3. Nc3 e5 4. cxd5 cxd5 5. e3 exd4 6. Qxd4 Nf6 7. Nf3 Nc6
8. Qd1 Bd6 9. Be2 O-O 10. O-O a6 11. a3 Bc7 12. b4 Qd6 13. Bb2 Bg4 14. g3
Rad8 15. b5 Ne7 16. Qb3 Ne4 17. Rfd1 Qh6 18. Nd4 Nxf2 19. Kxf2 Qxh2+ 20.
Ke1 Nf5 21. Nxf5 Bxf5 22. Qb4 d4 23. Rxd4 Rxd4 24. Qxd4 Rd8 25. Nd5 Ba5+
26. Bc3 Bxc3+ 27. Qxc3 Qxg3+ 28. Kd2 Rxd5+ 29. Kc1 Qd6 30. Qb4 Rc5+ 31. Kb2
Rc2+ 32. Kb3 Qxb4+ 0-1

[Event "36th Olympiad w"]
[Site "Calvia ESP"]
[Date "2004.10.26"]
[Round "11"]
[White "Khasanova,F"]
[Black "Zapata,K"]
[Result "1/2-1/2"]
[WhiteElo "2314"]
[BlackElo "2162"]
[EventDate "2004.10.15"]

1. e4 d6 2. d4 Nf6 3. Nc3 g6 4. h3 c6 5. a4 Nbd7 6. g3 Bg7 7. Bg2 e5 8. Be3
O-O 9. Nge2 a5 10. O-O Qc7 11. Qd2 b6 12. Rad1 Ba6 13. Rfe1 Rac8 14. g4
Rfd8 15. Ng3 b5 16. Bf1 Qb7 17. g5 b4 18. gxf6 bxc3 19. bxc3 Bxf1 20. Nxf1
Bxf6 21. Rb1 Qa6 22. Nh2 Bg7 23. Bg5 f6 24. Bh6 Nb6 25. Bxg7 Kxg7 26. Ng4
h5 27. Qh6+ Kf7 28. Qh7+ Ke6 29. Nh6 Rd7 30. Qxg6 Nc4 31. Kh1 Qa8 32. Rg1
d5 33. Qf5+ Kd6 34. Qxf6+ Kc7 35. exd5 Rf8 36. Qh4 Rf4 37. Qxh5 c5 38. Ng4
Qxd5+ 39. Rg2 exd4 40. Qxd5 Rxd5 41. cxd4 cxd4 42. Rg3 Nd2 43. Rc1 Ne4 44.
Rd3 Rc5 45. Kg2 Rc4 46. Ra3 Rf5 47. Re1 Nc5 48. Re5 Rxe5 49. Nxe5 Rxc2 50.
Kf3 Kd6 51. Nd3 Nxd3 52. Rxd3 Kd5 53. Rb3 Kc4 54. Rb5 Rc3+ 55. Ke2 Rxh3 56.
Rxa5 d3+ 57. Ke1 Rf3 1/2-1/2

[Event "36th Olympiad w"]
[Site "Calvia ESP"]
[Date "2004.10.26"]
[Round "11"]
[White "Calle,M"]
[Black "Zigangirova,S"]
[Result "0-1"]
[WhiteElo "2111"]
[BlackElo "2330"]
[EventDate "2004.10.15"]

1. e4 c5 2. Nf3 e6 3. d3 Nc6 4. g3 g6 5. Bg2 Bg7 6. O-O Nge7 7. Nbd2 O-O 8.
h4 h6 9. Re1 d6 10. Nf1 e5 11. Be3 f5 12. Qd2 Kh7 13. c3 Rb8 14. Rac1 Qe8
15. exf5 Nxf5 16. b4 b6 17. d4 Nxe3 18. Rxe3 Qf7 19. dxc5 d5 20. cxb6 Rxb6
21. a3 e4 22. Nd4 Ne5 23. Qa2 Ng4 24. Re2 Ba6 25. Rce1 Bxe2 26. Rxe2 Bxd4
27. cxd4 Rf6 28. Ne3 Nxe3 29. fxe3 Rc8 30. Rc2 Rxc2 31. Qxc2 Qd7 32. Qc5
Rc6 33. Qf8 Rc8 34. Qf4 Qf5 35. Qd6 Rf8 36. Kh2 Rf7 37. Qc5 Qd7 38. b5 Rf2
39. a4 Re2 40. Qc3 h5 41. Qc1 Qf7 0-1

[Event "36th Olympiad w"]
[Site "Calvia ESP"]
[Date "2004.10.26"]
[Round "11"]
[White "Ankudinova,E"]
[Black "Aliaga Fernandez,I"]
[Result "1-0"]
[WhiteElo "2243"]
[BlackElo "2141"]
[EventDate "2004.10.15"]

1. c4 c5 2. Nc3 Nc6 3. Nf3 e5 4. g3 g6 5. Bg2 Bg7 6. d3 Nge7 7. Bg5 f6 8.
Bd2 O-O 9. O-O d6 10. Ne1 Be6 11. a3 Rb8 12. b4 b6 13. Nc2 Qd7 14. Nd5 Kh8
15. Rb1 Rfe8 16. e3 Bh3 17. Bc3 Bxg2 18. Kxg2 Nxd5 19. cxd5 Ne7 20. e4 Rec8
21. b5 Rf8 22. Ne3 Rf7 23. Nc4 f5 24. f3 g5 25. h3 Ng6 26. a4 h5 27. Bd2
Bh6 28. Qc1 Qe7 29. a5 Kh7 30. axb6 axb6 31. Ra1 h4 32. g4 fxg4 33. fxg4
Nf4+ 34. Bxf4 gxf4 35. Kf3 Bg5 36. Ra6 Qd8 37. Qa3 Rfb7 38. Ra1 Qd7 39. Qb3
Bd8 40. Qb2 Bc7 41. R1a4 Kg6 42. Qb3 Bd8 43. Ra8 Qc7 44. R4a6 Kf6 45. Ra2
Kg6 46. R8a6 Be7 47. Qa4 Qc8 48. Ra1 Qd8 49. Nd2 Qc8 50. Rc1 Kh7 51. Ke2
Qd8 52. Kf3 Bg5 53. Rg1 Kg6 54. Rc1 Kh6 55. Ra1 Qc7 56. Ra8 Kg6 57. Rxb8
Rxb8 58. Qa7 Rb7 59. Qa8 Rb8 60. Qc6 Rc8 1-0

[Event "36th Olympiad w"]
[Site "Calvia ESP"]
[Date "2004.10.26"]
[Round "11"]
[White "Nur Shazwani,Z"]
[Black "Khegai,A"]
[Result "0-1"]
[WhiteElo "2062"]
[BlackElo "2239"]
[EventDate "2004.10.15"]

1. e4 g6 2. d4 d6 3. c3 Bg7 4. Nf3 Nd7 5. Bd3 e5 6. O-O Ngf6 7. Re1 O-O 8.
Nbd2 Nh5 9. Nc4 b6 10. a4 Bb7 11. Ra2 exd4 12. cxd4 d5 13. Nce5 Nxe5 14.
Nxe5 Bxe5 15. dxe5 dxe4 16. Bc2 Qxd1 17. Rxd1 Rad8 18. Re1 Rfe8 19. g4 Ng7
20. Bg5 Rd4 21. Bf6 Ne6 22. Raa1 Rb4 23. Kf1 Ba6+ 24. Kg1 Nf4 25. Rxe4 Ne2+
26. Kg2 Bb7 27. f3 Nd4 28. Bd3 Rxb2+ 29. Kg3 c5 30. Re3 Rb3 31. Rae1 Nxf3
32. Bb5 Rxb5 33. axb5 Nxe1 34. Rxe1 c4 35. Kf2 Bc8 36. g5 Bd7 37. Rb1 Rc8
38. Be7 c3 39. Ke1 c2 40. Rc1 Bxb5 41. Kd2 Ba4 42. Ba3 a5 43. Bb2 Bb3 44.
h4 b5 45. Ra1 a4 46. Ba3 Rc4 47. Rf1 b4 48. Bc1 a3 49. Re1 Rd4+ 50. Ke3 Rd1
0-1

[Event "36th Olympiad w"]
[Site "Calvia ESP"]
[Date "2004.10.26"]
[Round "11"]
[White "Fierro Baquero,M"]
[Black "Lujan,C"]
[Result "1-0"]
[WhiteElo "2333"]
[BlackElo "2325"]
[EventDate "2004.10.15"]

1. d4 Nf6 2. Nf3 g6 3. Bf4 Bg7 4. Nc3 d5 5. e3 O-O 6. Be2 c5 7. O-O Nc6 8.
dxc5 Nh5 9. Nxd5 Nxf4 10. Nxf4 Bxb2 11. Rb1 Bg7 12. Qxd8 Rxd8 13. Rfd1
Rxd1+ 14. Bxd1 Bf5 15. h3 Rd8 16. g4 Bc8 17. e4 Nd4 18. Nd3 Nxf3+ 19. Bxf3
e5 20. Rb4 f6 21. Ra4 a6 22. Rb4 Rd7 23. g5 f5 24. exf5 gxf5 25. c6 bxc6
26. Bxc6 Rd6 27. Ba4 Kf7 28. Rc4 Be6 29. Rc7+ Kf8 30. Bb3 Bxb3 31. axb3 e4
32. Nf4 Be5 33. Rc5 Bxf4 34. Rxf5+ Kg7 35. Rxf4 Rc6 36. Rxe4 Rxc2 37. Re6
Rc3 38. Kg2 a5 39. Ra6 h6 40. Rxh6 Rxb3 41. Ra6 Rb5 42. h4 Rb4 43. Kg3 a4
44. h5 Rb3+ 45. Kg4 a3 46. Ra7+ Kg8 47. f4 Rc3 48. h6 1-0

[Event "36th Olympiad w"]
[Site "Calvia ESP"]
[Date "2004.10.26"]
[Round "11"]
[White "Burijovich,L"]
[Black "Vasquez Ramirez,R"]
[Result "1/2-1/2"]
[WhiteElo "2212"]
[BlackElo "2257"]
[EventDate "2004.10.15"]

1. e4 c5 2. Nf3 e6 3. d4 cxd4 4. Nxd4 Nc6 5. Nb5 d6 6. c4 a6 7. N5c3 Nf6 8.
Be2 Be7 9. O-O O-O 10. Be3 b6 11. Nd2 Ne5 12. f4 Ned7 13. Bf3 Rb8 14. a4 e5
15. f5 Bb7 16. Kh1 Ne8 17. Bf2 Nc5 18. Qc2 a5 19. Rad1 Bc6 20. Rfe1 Nc7 21.
Nb5 N7a6 22. Bxc5 bxc5 23. Nb1 Rb7 24. N1c3 Nb4 25. Qe2 Rd7 26. f6 Bxf6 27.
Bg4 Rb7 28. Nxd6 Rb8 29. Qf2 Qb6 30. Ndb5 Rbd8 31. Nd5 Nxd5 32. exd5 Bxb5
33. axb5 e4 34. Rxe4 Bd4 35. Rexd4 cxd4 36. Qxd4 Qxd4 37. Rxd4 f5 38. Bf3
Rfe8 39. Kg1 Re1+ 40. Kf2 Rc1 41. Bd1 Kf7 42. Ke2 Kf6 43. Kd2 Ke5 44. Rh4
g5 45. Kxc1 gxh4 46. Kd2 Kd4 47. b3 Kc5 48. Ke3 Re8+ 49. Kd2 f4 50. h3 Re3
51. Kc2 Re1 52. Bf3 h6 53. d6 Kxd6 54. b6 Re3 55. b7 Kc7 56. c5 Kb8 57. c6
a4 58. bxa4 Ra3 59. Bd5 Rxa4 60. Kd3 Kc7 61. Ke2 Rd4 62. Bf3 Rc4 63. Kd3
Rb4 64. Kc3 Ra4 65. Bd5 Kb8 66. Bc4 Ra3+ 67. Kd4 f3 68. gxf3 Rxf3 69. Be6
Kc7 70. Bd7 Rg3 71. Ke5 Rf3 72. Ke4 Rf6 73. Kd5 Rf3 74. Ke5 Rf1 75. Bf5 Rf2
76. Kf6 Rg2 77. Bd7 Rg5 78. Ke7 Rg7+ 79. Ke6 Rg3 80. Ke5 Rf3 81. Be6 Rc3
82. Bd7 Rf3 83. Kd4 Rf4+ 84. Kc5 Rf2 85. Kd4 Rf4+ 86. Ke5 Rf3 87. Be6 Re3+
88. Kf6 Rc3 89. Bd7 Rg3 90. Ke7 Rg5 91. Kf6 Rg3 92. Bf5 Rc3 93. Bd7 Rg3 94.
Ke7 Rg7+ 95. Ke6 Rg6+ 96. Kd5 Rg5+ 97. Ke4 Kb8 98. Bf5 Rg3 99. Ke5 Kc7 100.
b8=Q+ Kxb8 101. Kd6 Rc3 1/2-1/2

[Event "36th Olympiad w"]
[Site "Calvia ESP"]
[Date "2004.10.26"]
[Round "11"]
[White "Nguyen Thi Thanh An"]
[Black "Sanchez Castillo,S"]
[Result "1-0"]
[WhiteElo "2345"]
[BlackElo "2141"]
[EventDate "2004.10.15"]

1. d4 d5 2. c4 c6 3. Nc3 Nf6 4. Nf3 e6 5. cxd5 exd5 6. Qc2 Bd6 7. Bg5 Nbd7
8. e3 h6 9. Bh4 O-O 10. Bd3 b6 11. O-O Bb7 12. Bf5 Be7 13. Rfd1 Re8 14. Bg3
Nh5 15. Be5 Nf8 16. Rab1 Bd6 17. b4 g6 18. Bd3 Qe7 19. Qb3 Nd7 20. Bg3 Nxg3
21. hxg3 1-0

[Event "36th Olympiad w"]
[Site "Calvia ESP"]
[Date "2004.10.26"]
[Round "11"]
[White "Hernandez,Z"]
[Black "Le Kieu Thien Kim"]
[Result "0-1"]
[WhiteElo "2100"]
[BlackElo "2329"]
[EventDate "2004.10.15"]

1. e4 d5 2. exd5 Qxd5 3. d4 Nc6 4. Nf3 Bg4 5. Be2 O-O-O 6. c4 Qh5 7. Be3 e5
8. d5 Nf6 9. Nbd2 Nd4 10. Nxd4 exd4 11. Bxd4 Re8 12. f3 Bf5 13. O-O Bd6 14.
f4 Qxe2 15. c5 Qxd1 16. Raxd1 Be7 17. d6 cxd6 18. cxd6 Bxd6 19. Bxa7 b5 20.
Nb3 Bc7 21. Nd4 Bd7 22. Rc1 Kb7 23. Bc5 Ne4 24. Nb3 Rc8 25. Bd4 Bb6 26.
Bxb6 Rxc1 27. Rxc1 Kxb6 28. Re1 Bc6 29. Nd4 Bb7 30. b4 Ra8 31. Nb3 Rxa2 32.
Na5 Bd5 33. Rc1 Rb2 0-1

[Event "36th Olympiad w"]
[Site "Calvia ESP"]
[Date "2004.10.26"]
[Round "11"]
[White "Le Thi Phuong Lien"]
[Black "Sanchez,Ali"]
[Result "1/2-1/2"]
[WhiteElo "2249"]
[BlackElo "2095"]
[EventDate "2004.10.15"]

1. e4 c5 2. Nf3 e6 3. d4 cxd4 4. Nxd4 Nf6 5. Nc3 Nc6 6. Ndb5 d6 7. Bf4 e5
8. Bg5 a6 9. Na3 b5 10. Bxf6 gxf6 11. Nd5 Bg7 12. c3 O-O 13. Nc2 f5 14.
exf5 Bxf5 15. Nce3 Be6 16. g3 f5 17. Bg2 Ra7 18. O-O Ne7 19. f4 e4 20. a4
Nxd5 21. Nxd5 Qa8 22. Ne3 Qb8 23. Qd2 Qb6 24. Kh1 Rd7 25. Nd5 Qb7 26. Rfd1
Kh8 27. axb5 axb5 28. Ra5 Rc8 29. h4 Rc5 30. Nb4 d5 31. Nc2 Qc7 32. Ra8+
Rd8 33. Rxd8+ Qxd8 34. Nd4 Qd7 35. b4 Rc7 36. Bf1 Qc8 37. Rc1 Bd7 38. Bxb5
Bxb5 39. Nxb5 Rd7 40. Ra1 h6 41. Ra5 Qc4 42. Nd4 Kh7 43. Ra3 Qf1+ 44. Kh2
Bxd4 45. Qxd4 Qe2+ 46. Kg1 e3 1/2-1/2

[Event "36th Olympiad w"]
[Site "Calvia ESP"]
[Date "2004.10.26"]
[Round "11"]
[White "Titova Boric,E"]
[Black "Medic,Mir"]
[Result "1-0"]
[WhiteElo "2252"]
[BlackElo "2237"]
[EventDate "2004.10.15"]

1. f4 d5 2. Nf3 Nf6 3. g3 g6 4. Bg2 Bg7 5. O-O c5 6. d3 Nc6 7. c3 O-O 8.
Qe1 d4 9. Na3 Nd5 10. Bd2 e5 11. fxe5 dxc3 12. bxc3 Nxe5 13. Nxe5 Bxe5 14.
Rb1 Bg7 15. c4 Nb6 16. Kh1 Qe7 17. Nc2 Be6 18. a4 Nxa4 19. Rxb7 Qd6 20. Bg5
Rfc8 21. Qa5 Nc3 22. Bf3 Rab8 23. Bf4 Be5 24. Qxc3 1-0

[Event "36th Olympiad w"]
[Site "Calvia ESP"]
[Date "2004.10.26"]
[Round "11"]
[White "Macek,V"]
[Black "Dedijer,S"]
[Result "1/2-1/2"]
[WhiteElo "2230"]
[BlackElo "2064"]
[EventDate "2004.10.15"]

1. d4 d5 2. Nf3 Nf6 3. c4 dxc4 4. e3 e6 5. Bxc4 c5 6. O-O a6 7. Bb3 Nc6 8.
Nc3 cxd4 9. exd4 Be7 10. a3 O-O 11. Qd3 b5 12. Bc2 Bb7 13. Bg5 g6 14. h3
Nd5 15. Bh6 Re8 16. Nxd5 Qxd5 17. Bb3 Qh5 18. Bf4 Na5 19. Bd1 Qf5 20. Qxf5
gxf5 1/2-1/2

[Event "36th Olympiad w"]
[Site "Calvia ESP"]
[Date "2004.10.26"]
[Round "11"]
[White "Lindiawati,E"]
[Black "Sekulovska,V"]
[Result "0-1"]
[WhiteElo "2125"]
[BlackElo "2164"]
[EventDate "2004.10.15"]

1. e4 e5 2. Nf3 Nc6 3. d4 exd4 4. Nxd4 Bc5 5. Be3 Qf6 6. c3 Nge7 7. Bc4 O-O
8. O-O Qg6 9. Nd2 Bxd4 10. cxd4 d5 11. Bd3 dxe4 12. Nxe4 Bf5 13. Nc5 Bxd3
14. Nxd3 Rad8 15. Nc5 b6 16. Nb3 a5 17. a4 Nd5 18. Rc1 Ncb4 19. Qf3 Qd6 20.
Na1 Rfe8 21. Rfd1 Qg6 22. Bd2 c6 23. Bxb4 Nxb4 24. Rd2 Re6 25. h3 Qg5 26.
Nb3 Rde8 27. Kh2 h6 28. Rcd1 Rf6 29. Qg3 Qd5 30. Qc3 Rg6 31. g3 Rf6 32. Na1
Rf3 33. Qc1 Nd3 34. Qc2 Ne1 35. Qb1 Rxg3 36. f3 Qxf3 37. Rxe1 Rxh3+ 0-1